Highway maintenance operations and research 1991. (Record no. 547539)

000 -LEADER
fixed length control field 00718cam a2200193 a 4500
020 ## - INTERNATIONAL STANDARD BOOK NUMBER
International Standard Book Number 0309051118 :
082 00 - DEWEY DECIMAL CLASSIFICATION NUMBER
Classification number 625.76
Author Mark NAT
245 00 - TITLE STATEMENT
Title Highway maintenance operations and research 1991.
260 ## - PUBLICATION, DISTRIBUTION, ETC.
Place of publication, distribution, etc. Washington, D.C. :
Name of publisher, distributor, etc. Transportation Research Board, National Research Council,
Date of publication, distribution, etc. 1991.
300 ## - PHYSICAL DESCRIPTION
Extent vii, 302 p. :
Other physical details ill. ;
Dimensions 28 cm.
500 ## - GENERAL NOTE
General note "A peer-reviewed publication of the Transportation Research Board."
526 ## - STUDY PROGRAM INFORMATION NOTE
Program name 0
Interest level 0
Reading level 0
Title point value 625_760000000000000_NAT
650 #0 - SUBJECT ADDED ENTRY--TOPICAL TERM
Topical term or geographic name entry element Bridges
General subdivision Maintenance and repair.
9 (RLIN) 802
650 #0 - SUBJECT ADDED ENTRY--TOPICAL TERM
Topical term or geographic name entry element Concrete
General subdivision Corrosion.
9 (RLIN) 43721
650 #0 - SUBJECT ADDED ENTRY--TOPICAL TERM
Topical term or geographic name entry element MCE
9 (RLIN) 379
650 #0 - SUBJECT ADDED ENTRY--TOPICAL TERM
Topical term or geographic name entry element Roads
General subdivision Maintenance and repair.
9 (RLIN) 19609
710 2# - ADDED ENTRY--CORPORATE NAME
Corporate name or jurisdiction name as entry element National Research Council (U.S.).
9 (RLIN) 20017
942 ## - ADDED ENTRY ELEMENTS (KOHA)
Source of classification or shelving scheme
Koha item type Book
Holdings
Withdrawn status Lost status Source of classification or shelving scheme Damaged status Not for loan Permanent Location Current Location Date acquired Total Checkouts Full call number Barcode Date last seen Price effective from Koha item type
          Military College of Engineering (MCE) Military College of Engineering (MCE) 07/21/2014   625.76 NAT MCE-42382 07/21/2014 07/21/2014 Book
© 2023 Central Library, National University of Sciences and Technology. All Rights Reserved.